| 000 | 00620nam a22001937a 4500 | ||
|---|---|---|---|
| 005 | 20140606114326.0 | ||
| 010 | _aB-506666 | ||
| 020 |
_a9788177229721 _c349.00 |
||
| 035 | _aB-506666 | ||
| 037 |
_adpl _bBSB/Ven |
||
| 082 | _a658.404 | ||
| 100 | _aMarwah, Sanjiv | ||
| 245 |
_aProject Management/ _cby Sanjiv Marwah |
||
| 260 |
_aNew Delhi _bDreamtech Press _c2011 |
||
| 270 |
_a19-A, Ansari Road, Daryaganj _bNew Delhi _e110002 |
||
| 300 |
_a447p.: _bill. _c26cm(pbk) |
||
| 942 |
_2ddc _cEN _h658.404 _mMAR |
||
| 999 |
_c84919 _d84919 |
||